| 000 | 00478nam a2200181Ia 4500 | ||
|---|---|---|---|
| 003 | LK-CoDNM | ||
| 005 | 20240827112727.0 | ||
| 008 | 010623t1911 xxu||||| |||| 00| 1 eng d | ||
| 040 |
_aLK-CoDNM _dLK-CoDNM _eLK-CoDNM |
||
| 041 | _aeng | ||
| 080 |
_a22 _bN29 |
||
| 100 | _aKunja Lal, Kaviraj | ||
| 245 | 3 | _aAn English Translation of the Sushruta Samhita | |
| 260 |
_bAuthor _aCalcutta _c1911 |
||
| 300 | _bXX, 761p. : 24 cm | ||
| 490 | _vVol.1 (The Maha Wagga) | ||
| 942 | _cBK | ||
| 999 |
_c87408 _d87408 |
||